| 000 | 00833cam a2200241u 4500 | ||
|---|---|---|---|
| 001 | 85476 | ||
| 003 | BD-RjUL | ||
| 005 | 20250809113019.0 | ||
| 008 | 811117s1928 enk 000 0 fre | ||
| 035 | _a(BD-RjUL) 85476 | ||
| 040 |
_aDLC _cCarP _dDLC _beng |
||
| 041 | _aeng | ||
| 082 |
_221 _a843 _bDUL 1928 |
||
| 100 | 1 |
_aDumas, Alexandre, _d1802-1870. _916516 |
|
| 245 | 1 | 3 |
_aLe chevalier de Maison Rouge / _cAlexndere Dumas |
| 260 |
_aLondon, _bJ. M. Dent & sons, ltd.; _c[1928] |
||
| 300 |
_axii, 354 p. _c18 cm. |
||
| 600 | 0 | 0 |
_aMarie Antoinette, _cQueen, consort of Louis XVI, King of France, _d1755-1793 _910859 |
| 650 | 0 |
_aGirondists _xFiction. [from old catalog] _916522 |
|
| 651 | 0 |
_aFrance _xHistory _yRevolution, 1789-1799 _vFiction. _911450 |
|
| 700 | 1 |
_aMaquet, Auguste, _d1813-1888, _ejoint author. _916523 |
|
| 942 |
_2ddc _cBK |
||
| 999 |
_c85476 _d85476 |
||